Tribhuvan University Central Library

A mini research report on relationship between corporate governance and firm valuation (Record no. 82521)

MARC details
000 -LEADER
fixed length control field 00522nam a22001697a 4500
008 - FIXED-LENGTH DATA ELEMENTS--GENERAL INFORMATION
fixed length control field 180312b xxu||||| |||| 00| 0 eng d
082 ## - DEWEY DECIMAL CLASSIFICATION NUMBER
Classification number N/658.4/Ac44m
100 ## - MAIN ENTRY--PERSONAL NAME
Personal name Acharya, Rameshwar
245 ## - TITLE STATEMENT
Title A mini research report on relationship between corporate governance and firm valuation
260 ## - PUBLICATION, DISTRIBUTION, ETC.
Place of publication, distribution, etc. Kathmandu:
Name of publisher, distributor, etc. TU Research Center,
Date of publication, distribution, etc. 2016.
300 ## - PHYSICAL DESCRIPTION
Extent xi, 55p.
500 ## - GENERAL NOTE
General note A mini research report
504 ## - BIBLIOGRAPHY, ETC. NOTE
Bibliography, etc. note Bibliography: p.42-50
650 ## - SUBJECT ADDED ENTRY--TOPICAL TERM
Topical term or geographic name entry element Management
650 ## - SUBJECT ADDED ENTRY--TOPICAL TERM
Topical term or geographic name entry element Corporate governance
942 ## - ADDED ENTRY ELEMENTS (KOHA)
Source of classification or shelving scheme Dewey Decimal Classification
Koha item type N
Holdings
Withdrawn status Lost status Source of classification or shelving scheme Damaged status Not for loan Home library Current library Date acquired Total Checkouts Full call number Barcode Date last seen Price effective from Koha item type
    Dewey Decimal Classification     Tribhuvan University Central Library Tribhuvan University Central Library 03/12/2018   N/658.4/Ac44m G79245 03/12/2018 03/12/2018 N
    Dewey Decimal Classification     Tribhuvan University Central Library Tribhuvan University Central Library 03/12/2018   N/658.4/Ac44m G79246 03/12/2018 03/12/2018 N